000 01043cam a2200277u 4500
001 24645
003 BD-RjUL
005 20211209001058.0
008 140315r19491927enka 001 0 eng
035 _a(BD-RjUL)24714
040 _aDLC
_cCarP
_dDLC
_dBD-RjUL
_beng
041 _aeng
082 0 0 _a330.9401
_bBOL 1949
100 1 _aBoissonnade, P.
_q(Prosper),
_d1862-1935.
_975844
245 1 0 _aLife and work in medieval Europe (fifth to fifteenth centuries) /
_cby P. Boissonnade ... Translated, with an introd. by Eileen Power.
260 _aLondon :
_bK. Paul, Trench, Trubner & co., ltd.;
_c[Impression 1949].
300 _axix, 395, [1] p. :
_bviii pl. (incl. front. ) ;
_c25 cm.
504 _aIncludes bibliographical references and index.
650 0 _aLabor and laboring classes
_xHistory. [from old catalog]
_975845
650 0 _aIndustries
_xHistory.
_97665
651 0 _aEurope
_xSocial conditions.
_965383
700 1 _aPower, Eileen,
_d1889-1940,
_etr.
_96155
942 _2ddc
_cBK
999 _c24645
_d24645